000
00299 a2200145 4500
001
177755
020
_a
040
_c
Magnum
100
_a
Jose, Elias
240
1
0
_a
Coruja revolucionaria
_l
por
245
1
0
_a
Coruja revolucionaria
362
0
_a
1899
697
_a
MAGNITO: I/GERAL
942
_c
BK
999
_c
177755
_d
177755